Highest Point on Each Continent Quiz Stats

 Plays Quiz not verified by Sporcle

Support Sporcle.
Go Orange.
Score 0/7 Timer 03:00
0 Plays Today
Country Name of Mountain % Correct
China or NepalMt. Everest
100%
United StatesMt. McKinley
91.7%
TanzaniaKilimanjaro
85.4%
RussiaElbrus
64.6%
ArgentinaAconcagua
62.5%
Antarctica Vinson Massif
47.9%
AustraliaMount Kosciuszko
39.6%

You're not logged in!

Compare scores with friends on all Sporcle quizzes.
OR
Log In

From the Vault

Big 4 'Sporcle' Teams

by jayrodss7

We aren't picking favorites or anything, but if we were...
Remove Ads.
Support Sporcle.
Get the best of Sporcle when you Go Orange. This ad-free experience offers more features, more stats, and more fun while also helping to support Sporcle. Thank you for becoming a member.

Show Comments

Extras

Top Quizzes Today


Score Distribution

Your Account Isn't Verified!

In order to create a playlist on Sporcle, you need to verify the email address you used during registration. Go to your Sporcle Settings to finish the process.

Report this User

Report this user for behavior that violates our Community Guidelines.

Details: